000 00588nam 22001813 4500
001 200289
090 _a200289
100 _a20260202d u||y0pory50 ba
200 _aA organização social das abelhas (Apis)
_fJohn B. Free
210 _aSão Paulo
_cEditora Pedagógica e Universitária Ltda, Editora da Universidade de São Paulo
_d1980
215 _a[XII], 79, [3] p.
_cil. ; brochado
_d21 cm
225 _aTemas de biologia
_v13
606 _974
_aZoologia
675 _a59
_vBR
_zpor
700 _916107
_aFree
_bJohn B.
_f1927-2006
801 _aPT
_bBMMN
_gRPC
830 _cVanda
990 _cLIVROS